Word Ladder: Public Transit Quiz Stats

 Plays Quiz Updated Apr 15, 2016

Challenge
Share
Tweet
Embed
Score 0/10 Timer 01:00
3 Plays Today
Clue 4-Letter Word % Correct
Lion's locksMANE
96.5%
Retail complexMALL
92%
Sandwich spread, for shortMAYO
91.4%
Ram, stallion, or bull, e. g.MALE
90%
• Track for a train •• RAIL •
89.1%
Junk, snail, or electronic, e. g.MAIL
88.8%
Spanish for hand; a '____ a ____' face-offMANO
88%
• 'Kissing disease', for short •• MONO •
86.9%
Poet Angelou or actress Rudolph, e. g.MAYA
85.7%
Spell-casting resource in many gamesMANA
79.5%

Today's Daily Dose

Missing Word
Entertainment 'M'

Word Ladder
North Carolina

On This Day
January 16th II

You're not logged in!

Compare scores with friends on all Sporcle quizzes.
OR
Log In

You Might Also Like...

Show Comments

Extras

Top Quizzes Today


Score Distribution

Your Account Isn't Verified!

In order to create a playlist on Sporcle, you need to verify the email address you used during registration. Go to your Sporcle Settings to finish the process.

Report this User

Report this user for behavior that violates our Community Guidelines.

Details: